[Event "SPICE Cup op"]
[Site "St Louis USA"]
[Date "2013.10.16"]
[Round "3.10"]
[White "Gerzhoy, Leonid"]
[Black "Adamson, Robby"]
[Result "1-0"]
[WhiteElo "2478"]
[BlackElo "2278"]
[PlyCount "147"]
[GameId "2130307678006992"]
[EventDate "2013.10.15"]
[EventType "swiss"]
[EventRounds "9"]
[EventCountry "USA"]
[SourceTitle "The Week in Chess 990"]
[Source "Mark Crowther"]
[SourceDate "2013.10.28"]
[SourceVersion "2"]
[SourceVersionDate "2013.10.28"]
[SourceQuality "2"]

1. c4 Nf6 2. Nc3 e6 3. e4 d5 4. e5 d4 5. exf6 dxc3 6. bxc3 Qxf6 7. Nf3 e5 8. d4 Nc6 9. d5 Nb8 10. Bg5 Qg6 11. h4 h6 12. h5 Qd6 13. Be3 Nd7 14. Nd2 Nf6 15. Be2 Bf5 16. O-O Be7 17. Qb3 O-O 18. a4 Rfb8 19. c5 Qxd5 20. Bc4 Qc6 21. Bxf7+ Kh8 22. Rfe1 Bxc5 23. Qb5 Qxb5 24. axb5 Bxe3 25. Rxe3 e4 26. Bg6 Bxg6 27. hxg6 Nd5 28. Rxe4 Nxc3 29. Re5 Rd8 30. Nc4 a6 31. bxa6 Rxa6 32. Rxa6 bxa6 33. g3 Kg8 34. Re6 Ra8 35. Na5 Kf8 36. Kg2 Rd8 37. Rxa6 Rd6 38. Nc6 Re6 39. Ra8+ Re8 40. Ra5 Re6 41. Ne5 Ne4 42. f4 Nf6 43. Rc5 Re7 44. Rc4 Ke8 45. Kf3 Nd7 46. Ng4 Re6 47. f5 Ne5+ 48. Nxe5 Rxe5 49. Kf4 Re7 50. g4 Kf8 51. g5 hxg5+ 52. Kxg5 Kg8 53. Kf4 Kf8 54. Ra4 Re8 55. Ra6 Rc8 56. Rc6 Ke7 57. Kg5 Kf8 58. Kf4 Ke7 59. Ke5 Kd7 60. Rc2 Re8+ 61. Kf4 Rh8 62. f6 gxf6 63. Kf5 Kd6 64. g7 Ra8 65. Kxf6 c5 66. Rh2 Rg8 67. Rh5 Kc6 68. Kf7 Rb8 69. g8=Q Rxg8 70. Kxg8 Kb5 71. Kf7 Kc4 72. Ke6 Kd4 73. Rh4+ Ke3 74. Kd5 1-0

[Event "SPICE Cup op"]
[Site "St Louis USA"]
[Date "2013.10.17"]
[Round "4.10"]
[White "Li, Ruifeng"]
[Black "Gerzhoy, Leonid"]
[Result "1/2-1/2"]
[WhiteElo "2246"]
[BlackElo "2478"]
[PlyCount "123"]
[GameId "2130307678007010"]
[EventDate "2013.10.15"]
[EventType "swiss"]
[EventRounds "9"]
[EventCountry "USA"]
[SourceTitle "The Week in Chess 990"]
[Source "Mark Crowther"]
[SourceDate "2013.10.28"]
[SourceVersion "2"]
[SourceVersionDate "2013.10.28"]
[SourceQuality "2"]

1. e4 c5 2. Nf3 e6 3. d4 cxd4 4. Nxd4 Nf6 5. Nc3 d6 6. Qf3 a6 7. Be3 Nbd7 8. Be2 Qc7 9. g4 Ne5 10. Qg2 b5 11. a3 Bb7 12. g5 Nfd7 13. O-O Be7 14. f4 Nc4 15. Bxc4 Qxc4 16. Nb3 Qc7 17. Bd4 O-O 18. f5 exf5 19. Rxf5 Rac8 20. Raf1 Ne5 21. R1f2 g6 22. R5f4 Qd8 23. h4 h6 24. Qh3 h5 25. Qf1 Qd7 26. Nd5 Bxd5 27. exd5 Bd8 28. c3 Qb7 29. Nd2 Qxd5 30. Ne4 Qe6 31. Qg2 Rc4 32. Nf6+ Kg7 33. Qd5 Qxd5 34. Nxd5 Kg8 35. Re2 Nc6 36. Kg2 Nxd4 37. Rxd4 Rxd4 38. cxd4 Kg7 39. Kg3 f6 40. gxf6+ Bxf6 41. Nxf6 Rxf6 42. Re7+ Kh6 43. Ra7 d5 44. Rd7 Rc6 45. Rxd5 Rc2 46. Rd6 a5 47. Ra6 a4 48. d5 Rxb2 49. Kf4 Rb3 50. Ke5 Rxa3 51. d6 Rd3 52. Ra5 a3 53. Rxb5 a2 54. Ra5 Rd2 55. Ke6 g5 56. hxg5+ Kg6 57. d7 Re2+ 58. Kd6 Rd2+ 59. Ke7 Re2+ 60. Kf8 Rf2+ 61. Ke8 Re2+ 62. Kf8 1/2-1/2

[Event "SPICE Cup op"]
[Site "St Louis USA"]
[Date "2013.10.18"]
[Round "6.9"]
[White "Priyadharshan, Kannappan"]
[Black "Gerzhoy, Leonid"]
[Result "1/2-1/2"]
[WhiteElo "2425"]
[BlackElo "2478"]
[PlyCount "80"]
[GameId "2130307678007050"]
[EventDate "2013.10.15"]
[EventType "swiss"]
[EventRounds "9"]
[EventCountry "USA"]
[SourceTitle "The Week in Chess 990"]
[Source "Mark Crowther"]
[SourceDate "2013.10.28"]
[SourceVersion "2"]
[SourceVersionDate "2013.10.28"]
[SourceQuality "2"]

1. e4 c6 2. Nf3 d5 3. Nc3 Bg4 4. h3 Bxf3 5. Qxf3 Nf6 6. d3 e6 7. g4 Bb4 8. Bd2 O-O 9. a3 Ba5 10. g5 Nfd7 11. h4 f5 12. gxf6 Nxf6 13. Qh3 Qe7 14. Rg1 d4 15. Ne2 Bxd2+ 16. Kxd2 c5 17. h5 Nc6 18. h6 g6 19. f4 c4 20. f5 exf5 21. exf5 cxd3 22. cxd3 Qe3+ 23. Qxe3 dxe3+ 24. Kxe3 Nd5+ 25. Kd2 Rxf5 26. Bh3 Re5 27. Raf1 Rae8 28. Ng3 Nd4 29. Bg2 Ne3 30. Rf4 Nb3+ 31. Kc3 Nxg2 32. Rxg2 Nc5 33. b4 Ne6 34. Re4 Rg5 35. Kd2 Nc7 36. Rge2 Rd8 37. Re7 Rxg3 38. Rg7+ Kf8 39. Rf2+ Ke8 40. Re2+ Kf8 1/2-1/2

[Event "SPICE Cup op"]
[Site "St Louis USA"]
[Date "2013.10.18"]
[Round "7.9"]
[White "Gerzhoy, Leonid"]
[Black "Ruiz Castillo, Joshua Daniel"]
[Result "1/2-1/2"]
[WhiteElo "2478"]
[BlackElo "2399"]
[PlyCount "83"]
[GameId "2130307678007071"]
[EventDate "2013.10.15"]
[EventType "swiss"]
[EventRounds "9"]
[EventCountry "USA"]
[SourceTitle "The Week in Chess 990"]
[Source "Mark Crowther"]
[SourceDate "2013.10.28"]
[SourceVersion "2"]
[SourceVersionDate "2013.10.28"]
[SourceQuality "2"]

1. c4 c5 2. Nf3 Nc6 3. d4 cxd4 4. Nxd4 g6 5. e4 Bg7 6. Be3 d6 7. Nc3 Nf6 8. Be2 O-O 9. O-O Bd7 10. Qd2 a5 11. f3 Nxd4 12. Bxd4 Bc6 13. b3 Nd7 14. Bf2 Nc5 15. Rab1 h5 16. a3 Qc7 17. b4 axb4 18. axb4 Na4 19. Nxa4 Rxa4 20. Rfc1 Rfa8 21. Rc2 Ra1 22. Rxa1 Rxa1+ 23. Rc1 Rxc1+ 24. Qxc1 Bd7 25. Qd2 Be6 26. Qd3 Qc6 27. b5 Qc7 28. f4 Bg4 29. Bf1 Qa5 30. f5 Qa1 31. h3 Bd1 32. fxg6 fxg6 33. c5 dxc5 34. Bxc5 e5 35. Be3 Kh7 36. Kh2 Bc2 37. Qxc2 Qxf1 38. b6 Qe1 39. Qd3 Bh6 40. Bxh6 Kxh6 41. Qd5 Qf2 42. Qxb7 1/2-1/2

[Event "SPICE Cup op"]
[Site "St Louis USA"]
[Date "2013.10.19"]
[Round "8.11"]
[White "Kavutskiy, Konstantin"]
[Black "Gerzhoy, Leonid"]
[Result "0-1"]
[WhiteElo "2272"]
[BlackElo "2478"]
[PlyCount "96"]
[GameId "2130307678007094"]
[EventDate "2013.10.15"]
[EventType "swiss"]
[EventRounds "9"]
[EventCountry "USA"]
[SourceTitle "The Week in Chess 990"]
[Source "Mark Crowther"]
[SourceDate "2013.10.28"]
[SourceVersion "2"]
[SourceVersionDate "2013.10.28"]
[SourceQuality "2"]

1. d4 Nf6 2. c4 e6 3. Nf3 b6 4. g3 Ba6 5. Qa4 c5 6. dxc5 Bxc5 7. Bg2 Bb7 8. O-O O-O 9. Nc3 Be7 10. Rd1 Na6 11. Bf4 Nc5 12. Qc2 Qc8 13. Rac1 Nce4 14. Nxe4 Bxe4 15. Qd2 Qb7 16. Bd6 Bxd6 17. Qxd6 Rac8 18. Rd4 Rc6 19. Qf4 Rc5 20. Qd6 Rfc8 21. b4 R5c6 22. Qf4 d5 23. Ne5 R6c7 24. f3 Bg6 25. b5 a6 26. Nc6 axb5 27. cxb5 h6 28. Ra4 Kh7 29. Bf1 Rxc6 30. bxc6 Rxc6 31. Rxc6 Qxc6 32. Ra7 Qc3 33. Rc7 Qb2 34. a4 e5 35. Qe3 e4 36. Qc3 Qa2 37. fxe4 Qxa4 38. e5 Ne4 39. Qb2 Nc5 40. Qd2 Ne6 41. Rc8 b5 42. Qe3 b4 43. Rb8 d4 44. Qf3 d3 45. Ra8 Qd1 46. Ra2 b3 47. Rb2 Qc1 48. Rxb3 d2 0-1

[Event "Continental Class"]
[Site "Arlington USA"]
[Date "2013.10.10"]
[Round "2.5"]
[White "Gerzhoy, Leonid"]
[Black "Vibbert, Sean"]
[Result "1-0"]
[WhiteElo "2478"]
[BlackElo "2299"]
[PlyCount "89"]
[GameId "2130307678588562"]
[EventDate "2013.10.09"]
[EventType "swiss"]
[EventRounds "9"]
[EventCountry "USA"]
[SourceTitle "The Week in Chess 988"]
[Source "Mark Crowther"]
[SourceDate "2013.10.14"]
[SourceVersion "2"]
[SourceVersionDate "2013.10.14"]
[SourceQuality "2"]

1. c4 e6 2. Nf3 Nf6 3. Nc3 d5 4. d4 Nbd7 5. e3 c6 6. Qc2 Bd6 7. Bd3 dxc4 8. Bxc4 Qe7 9. O-O e5 10. h3 Nb6 11. Bb3 exd4 12. exd4 O-O 13. Bg5 Bc7 14. d5 h6 15. Rfe1 Qd6 16. Be3 Nbxd5 17. Nxd5 cxd5 18. Bc5 Qf4 19. Bxf8 Kxf8 20. Rac1 Bd8 21. Qc5+ Kg8 22. Bxd5 Bb6 23. Qc4 Nxd5 24. Re8+ Kh7 25. Qxf4 Nxf4 26. Rcxc8 Rxc8 27. Rxc8 Nd3 28. Rb8 Nxf2 29. Kf1 Nd3 30. Rxb7 Nxb2 31. Rxf7 Nd1 32. g4 Nc3 33. Nh4 Kg8 34. Rb7 Nxa2 35. Nf5 Nc3 36. Rxg7+ Kh8 37. Rg6 h5 38. Rh6+ Kg8 39. Rxh5 Ne4 40. Rh6 Kf8 41. Rc6 Bc5 42. h4 a5 43. h5 Bb4 44. h6 Kg8 45. g5 1-0

[Event "Continental Class"]
[Site "Arlington USA"]
[Date "2013.10.10"]
[Round "3"]
[White "Gerzhoy, Leonid"]
[Black "Rakhmanov, Alexander"]
[Result "1/2-1/2"]
[WhiteElo "2478"]
[BlackElo "2603"]
[PlyCount "57"]
[GameId "2130307678588571"]
[EventDate "2013.10.09"]
[EventType "swiss"]
[EventRounds "9"]
[EventCountry "USA"]
[SourceTitle "CBM 156 Extra"]
[Source "ChessBase"]
[SourceDate "2013.10.22"]
[SourceVersion "1"]
[SourceVersionDate "2013.10.22"]
[SourceQuality "1"]

1. c4 e6 2. Nc3 d5 3. d4 c5 4. cxd5 cxd4 5. Qa4+ Bd7 6. Qxd4 exd5 7. Qxd5 Nc6 8. Nf3 Nf6 9. Qb3 Be6 10. Qa4 Bc5 11. e3 a6 12. Be2 O-O 13. O-O b5 14. Qh4 h6 15. Rd1 Qb6 16. b3 Ne7 17. Ne4 Nxe4 18. Qxe4 Bf5 19. Qe5 Rad8 20. Bb2 f6 21. Qg3 Bc2 22. Rxd8 Rxd8 23. Nd4 Nf5 24. Nxf5 Bxf5 25. Qf3 Qe6 26. Rc1 Be4 27. Qg4 Bf5 28. Qf3 Be4 29. Qg4 1/2-1/2

[Event "Continental Class"]
[Site "Arlington USA"]
[Date "2013.10.11"]
[Round "4.3"]
[White "Smith, Bryan"]
[Black "Gerzhoy, Leonid"]
[Result "1-0"]
[WhiteElo "2448"]
[BlackElo "2478"]
[PlyCount "111"]
[GameId "2130307678588579"]
[EventDate "2013.10.09"]
[EventType "swiss"]
[EventRounds "9"]
[EventCountry "USA"]
[SourceTitle "The Week in Chess 988"]
[Source "Mark Crowther"]
[SourceDate "2013.10.14"]
[SourceVersion "2"]
[SourceVersionDate "2013.10.14"]
[SourceQuality "2"]

1. e4 e5 2. Nf3 d6 3. d4 Nf6 4. dxe5 Nxe4 5. Qd5 Nc5 6. Bg5 Qd7 7. exd6 Bxd6 8. Nc3 O-O 9. O-O-O Nc6 10. Be3 b6 11. Nb5 Nb7 12. Ng5 h6 13. Nxd6 Nxd6 14. Ne4 Nxe4 15. Qxe4 Qe6 16. Bd3 f5 17. Qxe6+ Bxe6 18. Rhe1 Kf7 19. Bb5 Ne7 20. Bd7 Bd5 21. Bxf5 Nxf5 22. Rxd5 Kg6 23. f3 Rfe8 24. Bf2 Rxe1+ 25. Bxe1 Re8 26. Bf2 Re2 27. Rd2 Re7 28. g4 Nd6 29. b3 h5 30. Bg3 Nf7 31. gxh5+ Kxh5 32. Rd5+ Kh6 33. Kd2 c6 34. Rd4 b5 35. Rh4+ Kg6 36. Rg4+ Kf6 37. Rf4+ Kg6 38. Rg4+ Kf6 39. Rf4+ Kg6 40. Rd4 a6 41. c4 Re6 42. Re4 Rxe4 43. fxe4 bxc4 44. bxc4 Ng5 45. Kd3 Ne6 46. Kc3 Nc5 47. Kb4 Nb7 48. c5 Kf6 49. Bc7 Ke6 50. Kc4 g6 51. Kd4 Kf6 52. Bb6 Ke6 53. e5 Kf5 54. h4 a5 55. a4 g5 56. h5 1-0

[Event "Continental Class"]
[Site "Arlington USA"]
[Date "2013.10.12"]
[Round "6.3"]
[White "Gerzhoy, Leonid"]
[Black "Kekelidze, Mikheil"]
[Result "1-0"]
[WhiteElo "2478"]
[BlackElo "2463"]
[PlyCount "97"]
[GameId "2130307678588607"]
[EventDate "2013.10.09"]
[EventType "swiss"]
[EventRounds "9"]
[EventCountry "USA"]
[SourceTitle "The Week in Chess 988"]
[Source "Mark Crowther"]
[SourceDate "2013.10.14"]
[SourceVersion "2"]
[SourceVersionDate "2013.10.14"]
[SourceQuality "2"]

1. c4 e5 2. Nc3 Nc6 3. g3 g6 4. Bg2 Bg7 5. e3 d6 6. Nge2 h5 7. h4 Bg4 8. Rb1 Nge7 9. b4 Qc8 10. b5 Nd8 11. d3 O-O 12. e4 c6 13. bxc6 bxc6 14. Be3 c5 15. Nd5 Ndc6 16. f3 Bd7 17. O-O Nxd5 18. cxd5 Nd4 19. Nxd4 exd4 20. Bf4 Qc7 21. g4 hxg4 22. fxg4 Rab8 23. Rxb8 Rxb8 24. h5 Be8 25. g5 Qe7 26. Bh3 Bd7 27. Qf3 Bxh3 28. Qxh3 Be5 29. hxg6 fxg6 30. Qh6 Qh7 31. Qxh7+ Kxh7 32. Bxe5 dxe5 33. Rf7+ Kg8 34. Rxa7 Kf8 35. Rc7 Rb2 36. d6 Ke8 37. Rxc5 Kd7 38. Rxe5 Rd2 39. Rd5 Rxd3 40. Kf2 Ra3 41. Rxd4 Rxa2+ 42. Kf3 Ra8 43. e5 Ra7 44. Ke4 Rb7 45. e6+ Kxe6 46. d7 Rxd7 47. Rxd7 Kxd7 48. Kd5 Ke7 49. Ke5 1-0

[Event "Continental Class"]
[Site "Arlington USA"]
[Date "2013.10.13"]
[Round "8.3"]
[White "Gerzhoy, Leonid"]
[Black "Lenderman, Alex"]
[Result "1-0"]
[WhiteElo "2478"]
[BlackElo "2539"]
[PlyCount "61"]
[GameId "2130307678592729"]
[EventDate "2013.10.09"]
[EventType "swiss"]
[EventRounds "9"]
[EventCountry "USA"]
[SourceTitle "The Week in Chess 989"]
[Source "Mark Crowther"]
[SourceDate "2013.10.21"]
[SourceVersion "1"]
[SourceVersionDate "2013.10.21"]
[SourceQuality "2"]

1. c4 e5 2. Nc3 Nc6 3. g3 g6 4. Bg2 Bg7 5. d3 d6 6. e4 Nd4 7. Nce2 Ne6 8. Be3 Nf6 9. h3 O-O 10. Qd2 c6 11. f4 exf4 12. gxf4 d5 13. e5 d4 14. Bf2 Nh5 15. f5 Nc5 16. f6 Bf5 17. fxg7 Nxd3+ 18. Kf1 Re8 19. Nf3 c5 20. Ng3 Nxf2 21. Kxf2 Nxg3 22. Kxg3 Kxg7 23. Rae1 Rb8 24. h4 b5 25. cxb5 Rxb5 26. h5 Qa5 27. Qg5 Qd8 28. hxg6 Bxg6 29. Rxh7+ Kxh7 30. Rh1+ Kg8 31. Qh6 1-0

[Event "Continental Class"]
[Site "Arlington USA"]
[Date "2013.10.14"]
[Round "9.2"]
[White "Stripunsky, Alexander"]
[Black "Gerzhoy, Leonid"]
[Result "1/2-1/2"]
[WhiteElo "2549"]
[BlackElo "2478"]
[PlyCount "69"]
[GameId "2130307678592743"]
[EventDate "2013.10.09"]
[EventType "swiss"]
[EventRounds "9"]
[EventCountry "USA"]
[SourceTitle "The Week in Chess 989"]
[Source "Mark Crowther"]
[SourceDate "2013.10.21"]
[SourceVersion "1"]
[SourceVersionDate "2013.10.21"]
[SourceQuality "2"]

1. d4 Nf6 2. Nf3 g6 3. Bf4 Bg7 4. e3 O-O 5. Be2 d6 6. h3 b6 7. O-O Bb7 8. c4 Nbd7 9. Nc3 Ne4 10. Nxe4 Bxe4 11. Qa4 e5 12. dxe5 dxe5 13. Bg3 Qe7 14. Rad1 Nc5 15. Qa3 a5 16. Nd2 Bc6 17. Nb3 f5 18. Nxc5 bxc5 19. f3 e4 20. fxe4 Bxe4 21. Bf3 Rfb8 22. Bxe4 Qxe4 23. b3 a4 24. Qxc5 axb3 25. axb3 Rxb3 26. Rf3 Rc3 27. Qxc7 Rxc4 28. Qb6 Qc6 29. Rd8+ Rxd8 30. Qxd8+ Kf7 31. Rf2 Bf6 32. Qd3 Rc3 33. Qd2 Qe6 34. Bf4 Rc8 35. Qa2 1/2-1/2

[Event "Elitzur Winter GM"]
[Site "Petach Tikva ISR"]
[Date "2011.02.23"]
[Round "1"]
[White "Zubov, Alexander"]
[Black "Gerzhoy, Leonid"]
[Result "1-0"]
[WhiteElo "2589"]
[BlackElo "2497"]
[PlyCount "57"]
[GameId "2129405072628776"]
[EventDate "2011.02.23"]
[EventType "tourn"]
[EventRounds "9"]
[EventCountry "ISR"]
[EventCategory "8"]
[SourceTitle "The Week in Chess 857"]
[Source "Mark Crowther"]
[SourceDate "2011.04.11"]
[SourceVersion "1"]
[SourceVersionDate "2011.04.11"]
[SourceQuality "2"]

1. d4 Nf6 2. c4 g6 3. Nc3 Bg7 4. e4 d6 5. Bd3 O-O 6. Nge2 c5 7. d5 e6 8. O-O exd5 9. exd5 Nbd7 10. f4 Nh5 11. g4 Nhf6 12. Ng3 Nb6 13. g5 Ne8 14. f5 Be5 15. Nce4 Nd7 16. a4 Bd4+ 17. Kh1 Ne5 18. f6 Bh3 19. Rf4 Nxd3 20. Qxd3 Qd7 21. Ra3 Nc7 22. Nxd6 Be5 23. Nge4 Bxf4 24. Bxf4 Qg4 25. Qxh3 Qxf4 26. Rf3 Qc1+ 27. Rf1 Qc2 28. Qh6 Ne8 29. Ng3 1-0

[Event "Elitzur Winter GM"]
[Site "Petach Tikva ISR"]
[Date "2011.02.24"]
[Round "2"]
[White "Gerzhoy, Leonid"]
[Black "Deutsch, Eyal"]
[Result "1-0"]
[WhiteElo "2497"]
[BlackElo "2352"]
[PlyCount "69"]
[GameId "2129405072628779"]
[EventDate "2011.02.23"]
[EventType "tourn"]
[EventRounds "9"]
[EventCountry "ISR"]
[EventCategory "8"]
[SourceTitle "The Week in Chess 857"]
[Source "Mark Crowther"]
[SourceDate "2011.04.11"]
[SourceVersion "1"]
[SourceVersionDate "2011.04.11"]
[SourceQuality "2"]

1. e4 e6 2. d4 d5 3. Nc3 Bb4 4. e5 c5 5. a3 Ba5 6. b4 cxd4 7. Nb5 Bc7 8. f4 Ne7 9. Nf3 a6 10. Nxc7+ Qxc7 11. Bd3 Nbc6 12. O-O Bd7 13. Bb2 Qb6 14. Kh1 Rc8 15. Qe1 Nf5 16. g4 Nfe7 17. Rd1 Qd8 18. Nxd4 Nxd4 19. Bxd4 h5 20. f5 hxg4 21. f6 gxf6 22. Rxf6 Ba4 23. Rd2 Ng8 24. Rf4 Qh4 25. Qf1 Nh6 26. Rg2 Bc6 27. Kg1 Qh5 28. Qf2 Rg8 29. Rf6 g3 30. Rxg3 Rxg3+ 31. hxg3 Bb5 32. Bg6 Qd1+ 33. Kg2 Bf1+ 34. Qxf1 Qxd4 35. Rxf7 1-0

[Event "Elitzur Winter GM"]
[Site "Petach Tikva ISR"]
[Date "2011.03.02"]
[Round "5"]
[White "Gerzhoy, Leonid"]
[Black "Axelrod, Arie"]
[Result "1/2-1/2"]
[WhiteElo "2497"]
[BlackElo "2403"]
[PlyCount "31"]
[GameId "2129405072628793"]
[EventDate "2011.02.23"]
[EventType "tourn"]
[EventRounds "9"]
[EventCountry "ISR"]
[EventCategory "8"]
[SourceTitle "The Week in Chess 857"]
[Source "Mark Crowther"]
[SourceDate "2011.04.11"]
[SourceVersion "1"]
[SourceVersionDate "2011.04.11"]
[SourceQuality "2"]

1. e4 e5 2. Nf3 Nc6 3. Bb5 Nf6 4. Nc3 Bb4 5. O-O O-O 6. d3 d6 7. Ne2 Ne7 8. Ng3 Ng6 9. c3 Ba5 10. d4 c6 11. Ba4 h6 12. h3 Be6 13. Bb3 Re8 14. dxe5 dxe5 15. Be3 Bb6 16. Qxd8 1/2-1/2

[Event "Elitzur Winter GM"]
[Site "Petach Tikva ISR"]
[Date "2011.03.07"]
[Round "6"]
[White "Battaglini, Gabriel"]
[Black "Gerzhoy, Leonid"]
[Result "0-1"]
[WhiteElo "2413"]
[BlackElo "2497"]
[PlyCount "51"]
[GameId "2129405072628798"]
[EventDate "2011.02.23"]
[EventType "tourn"]
[EventRounds "9"]
[EventCountry "ISR"]
[EventCategory "8"]
[SourceTitle "The Week in Chess 857"]
[Source "Mark Crowther"]
[SourceDate "2011.04.11"]
[SourceVersion "1"]
[SourceVersionDate "2011.04.11"]
[SourceQuality "2"]

1. d4 Nf6 2. c4 e6 3. Nc3 Bb4 4. g3 d5 5. Bg2 O-O 6. Nf3 dxc4 7. O-O Nc6 8. a3 Bd6 9. e4 e5 10. d5 Na5 11. Bg5 h6 12. Bxf6 Qxf6 13. Nd2 Bd7 14. Bf3 b5 15. Bg4 Bxg4 16. Qxg4 a6 17. a4 Rfb8 18. axb5 axb5 19. Ra2 b4 20. Ne2 Bc5 21. Qf5 Qxf5 22. exf5 Bd4 23. Rfa1 c3 24. bxc3 bxc3 25. Nf1 Rb2 26. Ne3 0-1

[Event "Elitzur Winter GM"]
[Site "Petach Tikva ISR"]
[Date "2011.03.16"]
[Round "9"]
[White "Gerzhoy, Leonid"]
[Black "Popilsky, Gil"]
[Result "1/2-1/2"]
[WhiteElo "2497"]
[BlackElo "2381"]
[PlyCount "43"]
[GameId "2129405072628815"]
[EventDate "2011.02.23"]
[EventType "tourn"]
[EventRounds "9"]
[EventCountry "ISR"]
[EventCategory "8"]
[SourceTitle "The Week in Chess 857"]
[Source "Mark Crowther"]
[SourceDate "2011.04.11"]
[SourceVersion "1"]
[SourceVersionDate "2011.04.11"]
[SourceQuality "2"]

1. d4 Nf6 2. c4 g6 3. g3 d5 4. cxd5 Nxd5 5. Bg2 Bg7 6. Nf3 O-O 7. O-O Nb6 8. Nc3 Nc6 9. Bf4 Nxd4 10. Nxd4 e5 11. Nc6 Qxd1 12. Ne7+ Kh8 13. Rfxd1 exf4 14. Nxc8 Raxc8 15. Bxb7 Rb8 16. Ba6 fxg3 17. hxg3 Bxc3 18. bxc3 Na4 19. Rd4 Nxc3 20. Rc1 Nxa2 21. Rxc7 Nb4 22. Bc4 1/2-1/2

[Event "Negroponte op"]
[Site "Chalkida GRE"]
[Date "2010.08.16"]
[Round "8"]
[White "Goumas, Georgios"]
[Black "Gerzhoy, Leonid"]
[Result "1/2-1/2"]
[WhiteElo "2298"]
[BlackElo "2471"]
[PlyCount "46"]
[GameId "2129405076668300"]
[EventDate "2010.08.09"]
[EventType "swiss"]
[EventRounds "9"]
[EventCountry "GRE"]

1. e4 c5 2. b3 Nc6 3. Bb2 d6 4. Bb5 Bd7 5. f4 a6 6. Bxc6 Bxc6 7. Nc3 Nf6 8. Qe2 e6 9. Nf3 Be7 10. O-O O-O 11. Rae1 b5 12. e5 Ne8 13. f5 exf5 14. exd6 Bxd6 15. Ne5 Bxe5 16. Qxe5 Qxd2 17. Rf2 Qd4 18. Qxd4 cxd4 19. Ne2 Nd6 20. Nxd4 Be4 21. Ba3 Rfd8 22. Bxd6 Rxd6 23. Nxf5 Bxf5 1/2-1/2

[Event "Continental ch-Americas"]
[Site "Sao Paulo BRA"]
[Date "2009.07.27"]
[Round "4"]
[White "Assumpcao, Roberto"]
[Black "Gerzhoy, Leonid"]
[Result "1/2-1/2"]
[WhiteElo "2234"]
[BlackElo "2409"]
[PlyCount "82"]
[GameId "2129405085589632"]
[EventDate "2009.07.25"]
[EventType "swiss"]
[EventRounds "11"]
[EventCountry "BRA"]
[SourceTitle "CBM 132 Extra"]
[Source "ChessBase"]
[SourceDate "2009.11.03"]
[SourceVersion "1"]
[SourceVersionDate "2009.11.03"]
[SourceQuality "1"]

1. e4 Nf6 2. e5 Nd5 3. d4 d6 4. c4 Nb6 5. exd6 exd6 6. Nc3 Be7 7. Be3 O-O 8. Bd3 Nc6 9. b3 Re8 10. Nge2 Bg5 11. Bxg5 Qxg5 12. O-O Bd7 13. f3 Qe3+ 14. Kh1 Bf5 15. Ng3 Bg6 16. Bxg6 hxg6 17. Nb5 Re7 18. Re1 Qg5 19. Rxe7 Qxe7 20. d5 Ne5 21. f4 a6 22. Nxc7 Qxc7 23. fxe5 dxe5 24. Ne4 Nd7 25. Rc1 Nc5 26. d6 Qc6 27. Nxc5 Qxc5 28. Qd2 Rd8 29. Rd1 e4 30. d7 e3 31. Qd3 Qe7 32. h3 e2 33. Re1 Qxd7 34. Qxd7 Rxd7 35. Rxe2 Kf8 36. Kg1 Rd3 37. Kf1 g5 38. Ke1 g4 39. hxg4 Rg3 40. Kf2 Rxg4 41. Re5 Rd4 1/2-1/2

[Event "Marshall CC int"]
[Site "New York USA"]
[Date "2009.06.20"]
[Round "3"]
[White "Gerzhoy, Leonid"]
[Black "Esserman, Mark"]
[Result "1/2-1/2"]
[WhiteElo "2420"]
[BlackElo "2391"]
[PlyCount "111"]
[GameId "2129405086750912"]
[EventDate "2009.06.19"]
[EventType "swiss"]
[EventRounds "9"]
[EventCountry "USA"]
[SourceTitle "The Week in Chess 764"]
[Source "Mark Crowther"]
[SourceDate "2009.06.29"]
[SourceVersion "1"]
[SourceVersionDate "2009.06.29"]
[SourceQuality "2"]

1. e4 e5 2. Nf3 Nc6 3. Nc3 Nf6 4. Bb5 Nd4 5. Bc4 Bc5 6. O-O O-O 7. Nxe5 d6 8. Nf3 Bg4 9. Be2 Nxe2+ 10. Qxe2 Re8 11. d3 Nd7 12. h3 Bh5 13. g4 Bg6 14. Be3 c6 15. Bxc5 Nxc5 16. Qe3 f5 17. gxf5 Bxf5 18. Nd4 Bd7 19. Kh2 d5 20. e5 Qb6 21. Rg1 g6 22. Rab1 Rf8 23. Nce2 Rae8 24. f4 Ne6 25. b4 Ng7 26. a4 Qd8 27. a5 Nh5 28. Rbf1 Ng7 29. c3 Re7 30. Rf2 b6 31. axb6 axb6 32. Ng3 Qc8 33. h4 Ref7 34. Rgf1 c5 35. bxc5 bxc5 36. Nb3 Qd8 37. Nxc5 Qxh4+ 38. Kg1 Bh3 39. e6 Nxe6 40. Nxe6 Bxe6 41. Rh2 Qg4 42. Rhf2 Bd7 43. Qf3 Qxf3 44. Rxf3 Bg4 45. R3f2 Bh3 46. Re1 Rxf4 47. Rxf4 Rxf4 48. Re5 d4 49. c4 Rf3 50. Kh2 Bf5 51. Nxf5 gxf5 52. c5 Rxd3 53. Rxf5 Rc3 54. Rd5 d3 55. c6 d2 56. Kg2 1/2-1/2

[Event "Jessie Gilbert Celebration int."]
[Site "Coulsdon ENG"]
[Date "2008.08.17"]
[Round "2"]
[White "Purton, Benjamin"]
[Black "Gerzhoy, Leonid"]
[Result "0-1"]
[WhiteElo "2092"]
[BlackElo "2399"]
[PlyCount "76"]
[GameId "2129405094161009"]
[EventDate "2008.08.16"]
[EventType "swiss"]
[EventRounds "10"]
[EventCountry "ENG"]
[SourceTitle "The Week in Chess 720"]
[Source "Mark Crowther"]
[SourceDate "2008.08.25"]
[SourceVersion "2"]
[SourceVersionDate "2008.08.26"]
[SourceQuality "2"]

1. e4 Nf6 2. e5 Nd5 3. Nf3 d6 4. exd6 cxd6 5. d4 g6 6. c3 Bg7 7. Bg5 Nc6 8. Nbd2 O-O 9. Ne4 h6 10. Bd2 e5 11. dxe5 dxe5 12. Bc4 Nb6 13. Bb3 Na5 14. Be3 Nxb3 15. axb3 Qxd1+ 16. Rxd1 f5 17. Nd6 e4 18. Nd2 Nd5 19. N2c4 Nxe3 20. Nxe3 Be6 21. Nec4 Rab8 22. O-O b5 23. Na5 b4 24. c4 Bxb2 25. Nc6 Rb6 26. Nxa7 Be5 27. Ndb5 Ra8 28. f4 Bf6 29. c5 Ra6 30. Rd6 Rxd6 31. cxd6 Rxa7 32. Nxa7 Bd4+ 33. Kh1 Bxa7 34. Rd1 Bd7 35. Rd5 Bb6 36. Re5 Bd8 37. g3 Bf6 38. Rc5 e3 0-1